[Event "European Blitz 2015"]
[Site "Minsk BLR"]
[Date "2015.12.18"]
[Round "5.42"]
[White "Martynov, Roman"]
[Black "Bodnaruk, Anastasia"]
[Result "1-0"]
[BlackTitle "IM"]
[WhiteElo "2284"]
[BlackElo "2456"]
[WhiteFideId "14132044"]
[BlackFideId "4181751"]
[EventDate "2015.12.18"]
[EventType "swiss (blitz)"]

1. d4 f5 2. Nf3 Nf6 3. g3 g6 4. Bg2 Bg7 5. O-O O-O 6. Nbd2 d6 7. Re1 Nc6 8. e4
fxe4 9. Nxe4 Nxe4 10. Rxe4 Bf5 11. Re1 Qd7 12. c3 Kh8 13. Qb3 Na5 14. Qb4 b6 15.
d5 Rae8 16. Nd4 e5 17. dxe6 Bxe6 18. Nxe6 Rxe6 19. Be3 Ree8 20. Bd4 c5 21. Bxg7+
Kxg7 22. Qh4 Qf5 23. Re7+ Rxe7 24. Qxe7+ Rf7 25. Qe2 Nb7 26. Rd1 Qf6 27. Re1 Nd8
28. Bd5 Rf8 29. Qe7+ Kh6 30. Qxf6 Rxf6 31. Re8 Nf7 32. Re7 Ne5 33. Rxa7 Nd3 34.
f4 Rf8 35. b3 Nc1 36. Kf2 Re8 37. Bf3 Nd3+ 38. Kg2 Ne1+ 39. Kf2 Nd3+ 40. Kf1
Re1+ 41. Kg2 Re3 42. Bd5 Re8 43. h4 Re2+ 44. Kf3 Re8 45. g4 Rh8 46. Kg3 g5 47.
hxg5+ Kg6 48. Rd7 Rf8 49. Rxd6+ Kg7 50. f5 Ne5 51. Rxb6 Nd3 52. Rb7+ Kh8 53. f6
Rd8 54. c4 Ne5 55. a4 Nd7 56. a5 h6 57. Kf4 hxg5+ 58. Kxg5 Ne5 59. a6 Rd6 60.
Rb8+ Kh7 61. Be4+ 1-0

[Event "European Blitz 2015"]
[Site "Minsk BLR"]
[Date "2015.12.18"]
[Round "5.43"]
[White "Belyakov, Bogdan"]
[Black "Kanter, Eduard"]
[Result "1-0"]
[WhiteTitle "IM"]
[BlackTitle "IM"]
[WhiteElo "2511"]
[BlackElo "2353"]
[WhiteFideId "24104795"]
[BlackFideId "4103963"]
[EventDate "2015.12.18"]
[EventType "swiss (blitz)"]

1. e4 c5 2. c3 Nf6 3. e5 Nd5 4. Bc4 e6 5. Nf3 Nc6 6. O-O d6 7. d4 cxd4 8. cxd4
Be7 9. exd6 Qxd6 10. Nbd2 Nf6 11. Qe2 O-O 12. Ne4 Nxd4 13. Qe3 Nxf3+ 14. Qxf3
Nxe4 15. Qxe4 Qc6 16. Qe2 Bf6 17. Bd3 Qc7 18. Be3 Bd7 19. Rac1 Bc6 20. b3 Qa5
21. Rc4 Rad8 22. Rg4 Rxd3 23. Qxd3 Bb5 24. Qc2 Bxf1 25. Kxf1 Qb5+ 26. Kg1 a6 27.
h3 Rd8 28. g3 Qd7 29. Qe4 g6 30. h4 h5 31. Rf4 Bg7 32. Qc4 Rc8 33. Qe4 Qc6 34.
Qxc6 Rxc6 35. a4 Bf8 36. Rd4 Rc3 37. Rd8 e5 38. Bh6 Rxb3 39. Bxf8 f5 40. Bd6+
Kf7 41. Bxe5 Rb4 42. Bf4 Rxa4 43. Rd7+ Ke6 44. Rxb7 Ra2 45. Rb6+ Kd5 46. Rxg6
Ke4 47. Kg2 a5 48. Re6+ Kd5 49. Re5+ Kd4 50. Rxf5 a4 51. Rxh5 a3 52. Ra5 1-0

[Event "European Blitz 2015"]
[Site "Minsk BLR"]
[Date "2015.12.18"]
[Round "5.44"]
[White "Mirzoev, Emil"]
[Black "Maljush, Andrej"]
[Result "0-1"]
[WhiteElo "2424"]
[BlackElo "2285"]
[WhiteFideId "14108640"]
[BlackFideId "13500724"]
[EventDate "2015.12.18"]
[EventType "swiss (blitz)"]

1. e4 g6 2. d4 Bg7 3. c4 Nc6 4. Ne2 e5 5. d5 Nd4 6. Be3 c5 7. dxc6 dxc6 8. Nbc3
Ne7 9. Qd2 O-O 10. Rd1 c5 11. Nd5 Nxd5 12. cxd5 f5 13. Bxd4 cxd4 14. Ng3 Qh4 15.
Bd3 f4 16. Nf1 f3 17. g3 Qh3 18. Rg1 Bd7 19. Qb4 b6 20. Nd2 Qxh2 21. Rf1 Bh3 22.
d6 Rad8 23. Rc1 Bh6 24. Rc7 Be3 25. Rc2 Bxd2+ 26. Qxd2 Bxf1 27. Bxf1 Rxd6 28.
Qb4 Rdf6 29. Qe7 R8f7 30. Qxe5 Kg7 31. Qxd4 Qh5 32. Rd2 Re7 33. Rd3 Qe5 34. Qxe5
Rxe5 35. Re3 g5 36. Bh3 h5 37. Bf5 g4 38. Kd2 Kh6 39. Rd3 Kg7 40. Rd7+ Rf7 41.
Rd6 Rc7 42. Rg6+ Kf8 43. Rg5 Rec5 44. Rxh5 Rc2+ 45. Ke3 Re2+ 46. Kf4 Rxf2 47.
Bxg4 Rf7+ 48. Ke5 Rxb2 49. Ke6 f2 50. Bh3 f1=Q 51. Bxf1 Rxf1 52. Rh7 Rxa2 53. e5
b5 54. Rb7 a6 55. g4 Rg1 56. Rf7+ Kg8 57. Rf4 Ra4 58. Rf3 Rgxg4 59. Kd6 Rgd4+
60. Ke6 Rac4 61. Rg3+ Kf8 62. Rf3+ Ke8 63. Rg3 Rc6+ 64. Kf5 b4 65. Rg7 a5 66.
Ra7 b3 67. e6 Rd1 68. Ra8+ Ke7 69. Ra7+ Kd8 70. Ra8+ Kc7 71. e7 Rf1+ 72. Kg4 Re1
73. Ra7+ Kb6 74. Ra8 Kc5 75. Rxa5+ Kb4 76. Re5 Rxe5 0-1

[Event "European Blitz 2015"]
[Site "Minsk BLR"]
[Date "2015.12.18"]
[Round "5.45"]
[White "Sychev, Klementy"]
[Black "Vlassow, Valentin"]
[Result "1-0"]
[WhiteTitle "IM"]
[BlackTitle "FM"]
[WhiteElo "2415"]
[BlackElo "2262"]
[WhiteFideId "4114060"]
[BlackFideId "4164008"]
[EventDate "2015.12.18"]
[EventType "swiss (blitz)"]

1. d4 d5 2. c4 Bf5 3. cxd5 Bxb1 4. Qa4+ c6 5. Rxb1 Qxd5 6. Nf3 Nd7 7. b4 e6 8.
e3 a5 9. b5 Bb4+ 10. Bd2 Bxd2+ 11. Nxd2 Ngf6 12. Be2 O-O 13. Bf3 Qf5 14. bxc6
bxc6 15. Bxc6 Rad8 16. O-O e5 17. Qxa5 Qh5 18. Nf3 h6 19. dxe5 Nh7 20. Rfd1 Qf5
21. e4 Qe6 22. Rd6 Qe7 23. Rbd1 Nxe5 24. Qxe5 Rxd6 25. Qxd6 Qa7 26. a4 Nf6 27.
e5 Ng4 28. Qd4 1-0

[Event "European Blitz 2015"]
[Site "Minsk BLR"]
[Date "2015.12.18"]
[Round "5.46"]
[White "Konenkin, Dmitry"]
[Black "Loginov, Valery A"]
[Result "1/2-1/2"]
[WhiteTitle "FM"]
[BlackTitle "GM"]
[WhiteElo "2243"]
[BlackElo "2486"]
[WhiteFideId "4185781"]
[BlackFideId "4126297"]
[EventDate "2015.12.18"]
[EventType "swiss (blitz)"]

1. d4 Nf6 2. Bg5 Ne4 3. Bh4 g5 4. f3 gxh4 5. fxe4 c5 6. e3 Bh6 7. Kf2 cxd4 8.
exd4 Nc6 9. Nc3 O-O 10. Nf3 e5 11. Nd5 d6 12. Bc4 Kh8 13. Re1 Bg4 14. c3 h3 15.
gxh3 Bh5 16. Qd3 Rc8 17. Bb3 Bg6 18. Ne3 Qd7 19. Ng4 Bf4 20. dxe5 h5 21. Ne3
Nxe5 22. Nxe5 Bxe5 23. Nf5 Bxf5 24. exf5 Qe7 25. Qe4 Qf6 26. Rg1 Rg8 27. Rxg8+
Rxg8 28. Rg1 Rxg1 29. Kxg1 Qg5+ 30. Kf2 Qd2+ 31. Qe2 Qf4+ 32. Qf3 Qxh2+ 33. Kf1
Kg7 34. Qxh5 Qf4+ 35. Ke2 Qh2+ 36. Kd3 Qg3+ 37. Ke2 Qg2+ 38. Kd3 Qf1+ 39. Ke4
Qg2+ 40. Qf3 Qd2 41. Qg4+ Kf8 42. Qf3 Ke7 43. Qe3 Qg2+ 44. Qf3 Qd2 45. Qe3 Qh2
46. Kd3 b6 47. Qf3 Kf6 48. Qh5 Qg3+ 49. Ke2 Qg2+ 50. Kd3 Qf1+ 51. Ke4 Qg2+ 52.
Kd3 Qf1+ 53. Ke4 Qg2+ 54. Qf3 Qh2 55. Kd3 Qg1 56. Bd5 a6 57. Qh5 Qf1+ 58. Kc2
Qf2+ 59. Kb3 Qxf5 60. Qxf7+ Kg5 61. h4+ Kf4 62. Qxf5+ Kxf5 63. Bb7 a5 64. Kc4
Bf4 65. Bc8+ Kg6 66. Kb5 Be3 67. Bg4 Kf6 68. Kc6 Ke5 69. h5 Bc1 70. b3 Bd2 71.
c4 Be3 72. h6 Bxh6 73. Kxb6 Bd2 74. Kb5 Kf6 75. a3 Ke7 76. b4 axb4 77. axb4 Kd8
78. Ka4 Kc7 79. Kb5 Bc3 1/2-1/2

[Event "European Blitz 2015"]
[Site "Minsk BLR"]
[Date "2015.12.18"]
[Round "5.47"]
[White "Pavlov, Sergey2"]
[Black "Vorontsov, Pavlo"]
[Result "1-0"]
[WhiteTitle "IM"]
[BlackTitle "IM"]
[WhiteElo "2454"]
[BlackElo "2395"]
[WhiteFideId "14114330"]
[BlackFideId "14116367"]
[EventDate "2015.12.18"]
[EventType "swiss (blitz)"]

1. c4 e6 2. g3 g6 3. Bg2 Bg7 4. Nf3 Ne7 5. O-O O-O 6. d4 d5 7. Nc3 Nbc6 8. cxd5
exd5 9. Bf4 Bg4 10. Ne5 Nxe5 11. Bxe5 Bxe5 12. dxe5 c6 13. Qd4 Be6 14. e4 Qb6
15. Qxb6 axb6 16. exd5 cxd5 17. Rfd1 Rfd8 18. a3 Ra5 19. b4 Raa8 20. Nb5 Rac8
21. Nd6 Rc3 22. Nxb7 Rd7 23. Nd6 Nc6 24. f4 f6 25. Nb5 Re3 26. exf6 Kf7 27. Re1
Rxe1+ 28. Rxe1 Kxf6 29. Rxe6+ Kxe6 30. Bh3+ Ke7 31. Bxd7 Kxd7 32. Kf2 Ne7 33.
Ke3 Nf5+ 34. Kd3 Ke7 35. a4 Kd7 36. a5 bxa5 37. bxa5 Ne7 38. a6 Kc6 39. a7 Kb7
40. Kd4 Nc8 41. Kxd5 Nb6+ 42. Ke6 Kc6 43. Nd4+ Kb7 44. Nf3 Kxa7 45. Ng5 h6 46.
Nf7 h5 47. Ne5 1-0

[Event "European Blitz 2015"]
[Site "Minsk BLR"]
[Date "2015.12.18"]
[Round "5.48"]
[White "Buksa, Nataliya"]
[Black "Karpov, Vadim"]
[Result "0-1"]
[WhiteTitle "WGM"]
[BlackTitle "IM"]
[WhiteElo "2287"]
[BlackElo "2377"]
[WhiteFideId "14123622"]
[BlackFideId "4155025"]
[EventDate "2015.12.18"]
[EventType "swiss (blitz)"]

1. e4 e5 2. Nf3 Nc6 3. Bb5 a6 4. Ba4 Nf6 5. O-O Be7 6. Re1 d6 7. c3 Bg4 8. d4 b5
9. Bb3 O-O 10. Be3 exd4 11. cxd4 Na5 12. Bc2 Nc4 13. Bc1 c5 14. dxc5 dxc5 15.
Qxd8 Rfxd8 16. b3 Bxf3 17. bxc4 Bxe4 18. Bb3 Kf8 19. Bb2 b4 20. f3 Bg6 21. Kf2
a5 22. Ba4 Ra6 23. Be5 Bd6 24. Rd1 Bxe5 25. Rxd8+ Ke7 26. Rc8 Bxa1 27. Nd2 Bd4+
28. Kg3 Ra7 29. Nb3 Nd7 30. Bb5 a4 31. Nd2 b3 32. axb3 a3 33. b4 cxb4 34. Nb3 a2
35. f4 Nc5 36. Nxd4 Ra3+ 37. Kg4 h5+ 38. Kg5 Ne6+ 39. Nxe6 Kxe6 40. Rc6+ Ke7 41.
Rc7+ Kd8 42. Rd7+ Kc8 43. Rd1 Bb1 44. Bd7+ Kc7 45. Bf5 Bxf5 46. Kxf5 a1=Q 0-1

[Event "European Blitz 2015"]
[Site "Minsk BLR"]
[Date "2015.12.18"]
[Round "5.49"]
[White "Kuzin, Anton"]
[Black "Makovskis, Georgijs"]
[Result "1-0"]
[WhiteTitle "IM"]
[WhiteElo "2409"]
[BlackElo "2236"]
[WhiteFideId "4148410"]
[BlackFideId "11601132"]
[EventDate "2015.12.18"]
[EventType "swiss (blitz)"]

1. d4 Nf6 2. Nf3 g6 3. Nc3 d5 4. Bf4 Bg7 5. e3 c6 6. Be2 O-O 7. Ne5 Nbd7 8. h4
h5 9. Qd3 Nxe5 10. dxe5 Bf5 11. Qd4 Ne4 12. f3 Nxc3 13. Qxc3 Qb6 14. O-O-O Rfd8
15. g4 hxg4 16. h5 gxf3 17. Bxf3 Qa6 18. h6 Bh8 19. h7+ Kf8 20. Kb1 Qc4 21. Qxc4
dxc4 22. Rd4 Rxd4 23. exd4 Rd8 24. Be3 e6 25. Kc1 Rc8 26. c3 b5 27. Bg5 Ke8 28.
Bxc6+ Rxc6 29. Bf6 g5 30. Bxh8 b4 31. Bf6 Bxh7 32. Rxh7 g4 33. Rh4 1-0

[Event "European Blitz 2015"]
[Site "Minsk BLR"]
[Date "2015.12.18"]
[Round "6.1"]
[White "Navara, David"]
[Black "Pogosian, Manvel"]
[Result "1-0"]
[WhiteTitle "GM"]
[WhiteElo "2730"]
[BlackElo "2382"]
[WhiteFideId "309095"]
[BlackFideId "13503936"]
[EventDate "2015.12.18"]
[EventType "swiss (blitz)"]

1. d4 Nf6 2. c4 e6 3. Nf3 d5 4. Nc3 Be7 5. Bf4 O-O 6. e3 b6 7. Bd3 dxc4 8. Bxc4
Bb7 9. O-O Nbd7 10. Qe2 a6 11. Rad1 b5 12. Bb3 c5 13. dxc5 Bxc5 14. e4 b4 15.
Na4 Ba7 16. Bd6 Re8 17. Bc2 e5 18. Bxb4 Rc8 19. Bd3 a5 20. Bd6 Re6 21. Bc4 Rxd6
22. Rxd6 Nxe4 23. Bxf7+ Kh8 24. Rdd1 Qe7 25. Bd5 Bxd5 26. Rxd5 Nef6 27. Rxa5 Bb8
28. Rb5 e4 29. g3 Qf7 30. Ng5 Qxa2 31. Nb6 Nxb6 32. Rxb6 Be5 33. Nxe4 Nxe4 34.
Qxe4 Bf6 35. Qc6 Rxc6 36. Rxc6 h5 37. b4 Qa4 38. Rc4 Qb3 39. Re4 h4 40. Kg2 Qd3
41. Rfe1 Qd7 42. gxh4 Qf5 43. R1e3 Qg6+ 44. Kf1 Qh5 45. Kg2 Qg6+ 46. Kf1 Kh7 47.
Rf4 Qh5 48. Kg2 Qd5+ 49. Ref3 Qc6 50. Rf5 Kg6 51. h5+ Kh7 52. b5 Qb7 53. h3 Bd4
54. Rg5 Qe4 55. Rg4 Qd5 56. Rf4 Bb6 57. Rf5 Qe4 58. Rf4 Qd5 59. Rf5 Qe6 60. Rg5
Bd8 61. Rgf5 Qe4 62. Rf4 Qd5 63. Rf5 Qd1 64. Rf8 Bf6 65. b6 Qb1 66. Rf7 Kh6 67.
b7 Qb6 68. R3xf6+ gxf6 69. Rxf6+ Qxf6 70. b8=Q Kxh5 71. Qg3 Qd8 72. Qg4+ Kh6 73.
Qf4+ Kh7 74. Kg3 Qd1 75. Qh4+ 1-0

[Event "European Blitz 2015"]
[Site "Minsk BLR"]
[Date "2015.12.18"]
[Round "6.3"]
[White "Smirin, Ilia"]
[Black "Malakhov, Igor"]
[Result "0-1"]
[WhiteTitle "GM"]
[BlackTitle "IM"]
[WhiteElo "2658"]
[BlackElo "2451"]
[WhiteFideId "2801990"]
[BlackFideId "4183088"]
[EventDate "2015.12.18"]
[EventType "swiss (blitz)"]

1. e4 c5 2. Nf3 Nc6 3. Bb5 e6 4. c3 Nge7 5. d4 cxd4 6. cxd4 d5 7. e5 Bd7 8. Nc3
Nf5 9. O-O Qb6 10. Be3 a6 11. Bd3 Qxb2 12. Na4 Qa3 13. Nb6 Rd8 14. Bxf5 exf5 15.
Nxd5 Qa5 16. Nf4 Be6 17. Nxe6 fxe6 18. Qb3 Qd5 19. Qxb7 Nb4 20. Qxd5 Nxd5 21.
Bd2 Be7 22. Rfc1 Kf7 23. Rc6 Ra8 24. Rac1 h6 25. Ne1 Rhd8 26. Nd3 a5 27. Nc5
Bxc5 28. dxc5 Ne7 29. Rd6 Rdc8 30. a4 Ra7 31. Kf1 g5 32. Ke2 Ng6 33. Rb1 Rxc5
34. Be3 Rxe5 35. Kf1 Re7 36. Rb5 Rc7 37. Ra6 f4 38. Bd2 Rc2 39. Rxe5 Nxe5 40.
Bxa5 g4 41. Ra7+ Kg6 42. Be1 f3 43. gxf3 gxf3 44. Ra6 Kf6 45. Rb6 Rc1 46. Rb3
Ra1 47. a5 Kf5 48. Re3 Kf4 49. h3 Nc4 50. Rxe6 Nd2+ 51. Kg1 Ne4 52. Kf1 Nd2+ 53.
Kg1 Ne4 54. Kf1 Nd2+ 55. Kg1 Ne4 0-1

[Event "European Blitz 2015"]
[Site "Minsk BLR"]
[Date "2015.12.18"]
[Round "6.5"]
[White "Kovalenko, Igor"]
[Black "Sarana, Alexey"]
[Result "1-0"]
[WhiteTitle "GM"]
[WhiteElo "2680"]
[BlackElo "2432"]
[WhiteFideId "14117908"]
[BlackFideId "24133795"]
[EventDate "2015.12.18"]
[EventType "swiss (blitz)"]

1. d4 Nf6 2. c4 e6 3. Nc3 Bb4 4. f3 O-O 5. e4 d5 6. e5 Nfd7 7. cxd5 exd5 8. a3
Bxc3+ 9. bxc3 f6 10. exf6 Nxf6 11. Bd3 Nh5 12. Qc2 g6 13. Bh6 Qh4+ 14. Qf2 Re8+
15. Ne2 Nf4 16. Bxf4 Qxf4 17. O-O Qe3 18. Qxe3 Rxe3 19. Rfd1 c6 20. Kf2 Re8 21.
g4 Nd7 22. h4 Nf6 23. Nf4 Kf7 24. Rdb1 b6 25. a4 Bd7 26. Ba6 Bc8 27. Bd3 Bd7 28.
Ba6 Bc8 29. Bf1 Bd7 30. Nd3 Ke7 31. Re1+ Kd6 32. Re5 Rf8 33. Kg3 Rf7 34. Bg2 Ne8
35. a5 Nc7 36. h5 gxh5 37. Rxh5 Re7 38. Rh6+ Re6 39. Rxh7 Rg8 40. axb6 axb6 41.
Ne5 Re7 42. Rh6+ Be6 43. Ra7 c5 44. Rb7 cxd4 45. cxd4 Na8 46. Nf7+ Rxf7 47. Rxf7
b5 48. Rb7 Nc7 49. Rxc7 Kxc7 50. Rxe6 b4 51. Re3 1-0

[Event "European Blitz 2015"]
[Site "Minsk BLR"]
[Date "2015.12.18"]
[Round "6.7"]
[White "Bortnyk, Olexandr"]
[Black "Pustovoitova, Daria"]
[Result "1-0"]
[WhiteTitle "GM"]
[BlackTitle "FM"]
[WhiteElo "2552"]
[BlackElo "2356"]
[WhiteFideId "14120828"]
[BlackFideId "4182146"]
[EventDate "2015.12.18"]
[EventType "swiss (blitz)"]

1. d4 d5 2. Nc3 Nf6 3. Bf4 e6 4. Nb5 Na6 5. e3 c6 6. Nc3 Bb4 7. Bxa6 bxa6 8. Ne2
a5 9. O-O Ba6 10. Re1 O-O 11. a3 Be7 12. h3 Nd7 13. e4 Qb6 14. Rb1 Rfe8 15. Ng3
Nf8 16. Na4 Qb5 17. Nc3 Qb6 18. Be3 Rad8 19. e5 Rb8 20. Qg4 Qc7 21. h4 Kh8 22.
h5 h6 23. Na4 Rb7 24. Nc5 Bxc5 25. dxc5 Reb8 26. b4 axb4 27. axb4 Qe7 28. c3 Nd7
29. Qd4 Bc4 30. Ra1 a6 31. Qf4 Ra7 32. Bd4 Rba8 33. Ra5 Rb7 34. Rea1 Rab8 35.
Qe3 Qh4 36. Qf3 Nf8 37. Ne2 Nh7 38. Nf4 Ng5 39. Qg3 Qxg3 40. fxg3 Ne4 41. Kh2
Kg8 42. g4 Kf8 43. g3 Ke7 44. Ng2 Ng5 45. Ne3 Bd3 46. Kg2 Be4+ 47. Kf2 Bd3 48.
Nd1 Ne4+ 49. Ke3 Bb5 50. Nb2 Nxg3 51. Rg1 Ne4 52. c4 Bxc4 53. Nxc4 Rxb4 54. Nb6
Rb3+ 55. Ke2 Rb4 56. Kd3 Rb3+ 57. Kc2 Rb4 58. Rd1 f6 59. Rxa6 Rb7 60. Ra8 fxe5
61. Bxe5 Nxc5 62. Nc8+ Kd7 63. Nd6 R7b6 64. Rf1 1-0

[Event "European Blitz 2015"]
[Site "Minsk BLR"]
[Date "2015.12.18"]
[Round "6.8"]
[White "Gurvich, Vitaly"]
[Black "Ponkratov, Pavel"]
[Result "0-1"]
[WhiteTitle "FM"]
[BlackTitle "GM"]
[WhiteElo "2308"]
[BlackElo "2604"]
[WhiteFideId "24164852"]
[BlackFideId "4157800"]
[EventDate "2015.12.18"]
[EventType "swiss (blitz)"]

1. Nf3 Nf6 2. c4 c5 3. Nc3 Nc6 4. g3 e5 5. Bg2 g6 6. O-O Bg7 7. e3 O-O 8. d4
exd4 9. exd4 d5 10. dxc5 dxc4 11. Qa4 Bf5 12. Bf4 Bd3 13. Rfd1 Qa5 14. Qxa5 Nxa5
15. Ne5 Bc2 16. Rd2 Bf5 17. Nd5 Nxd5 18. Rxd5 Be6 19. Rdd1 g5 20. Bd2 Bxe5 21.
Bxa5 Bxb2 22. Rab1 c3 23. Bxb7 c2 24. Bxa8 Rxa8 25. Rbc1 cxd1=Q+ 26. Rxd1 Rc8 0-1

[Event "European Blitz 2015"]
[Site "Minsk BLR"]
[Date "2015.12.18"]
[Round "6.9"]
[White "Tsyhanchuk, Stanislav"]
[Black "Zubov, Alexander"]
[Result "0-1"]
[WhiteTitle "IM"]
[BlackTitle "GM"]
[WhiteElo "2362"]
[BlackElo "2601"]
[WhiteFideId "13505130"]
[BlackFideId "14109409"]
[EventDate "2015.12.18"]
[EventType "swiss (blitz)"]

1. Nf3 Nf6 2. c4 e6 3. b3 d5 4. Bb2 Be7 5. g3 b6 6. Bg2 Bb7 7. O-O dxc4 8. bxc4
O-O 9. d3 c5 10. Nbd2 Nc6 11. Ne5 Qc7 12. Nxc6 Bxc6 13. Bxc6 Qxc6 14. Nf3 Rfd8
15. Qb3 Rab8 16. a4 a5 17. Bc3 Ne8 18. Nd2 Bf6 19. Ne4 Bxc3 20. Nxc3 Nc7 21.
Rab1 Na6 22. Nb5 Nb4 23. Qc3 f6 24. f4 Rb7 25. Rf3 Qe8 26. Rbf1 Qh5 27. Qd2 Qf5
28. Kg2 e5 29. fxe5 Qxe5 30. Rf5 Qe6 31. Qb2 Re7 32. Nc3 Rde8 33. Ne4 Qc6 34.
Rxf6 gxf6 35. Rxf6 Qb7 36. Rf5 Rg7 37. Kg1 Rxe4 38. dxe4 Qe7 39. Re5 Qd7 40. Rf5
Rg6 41. Qe5 Nc6 42. Qd5+ Qxd5 43. exd5 Nd4 44. Re5 Kf7 45. Kf2 Rh6 46. h4 Rf6+
47. Ke1 Nf5 48. g4 Nd6 49. Rh5 Kg7 50. Re5 Kf7 51. Rh5 h6 52. g5 hxg5 53. hxg5
Rg6 54. Rh7+ Ke8 55. Rh8+ Kf7 56. Rh7+ Kg8 57. Rd7 Nxc4 58. e4 Rxg5 59. Rb7 Re5
60. d6 Nxd6 61. Rxb6 Nxe4 62. Ke2 Nc3+ 63. Kd3 Nxa4 64. Rb5 Rd5+ 65. Kc2 Rd4 66.
Rxa5 Rb4 67. Ra7 Kf8 68. Kd3 Ke8 69. Rh7 Kd8 70. Rg7 Kc8 71. Rf7 Nb6 72. Rf5 Nd7
73. Rh5 Kc7 74. Kc3 Rg4 75. Rh7 Kc6 76. Rh6+ Kb5 0-1

[Event "European Blitz 2015"]
[Site "Minsk BLR"]
[Date "2015.12.18"]
[Round "6.10"]
[White "Bulanov, Dmitri"]
[Black "Movsesian, Sergei"]
[Result "0-1"]
[WhiteTitle "FM"]
[BlackTitle "GM"]
[WhiteElo "2369"]
[BlackElo "2659"]
[WhiteFideId "13506382"]
[BlackFideId "310204"]
[EventDate "2015.12.18"]
[EventType "swiss (blitz)"]

1. f4 c5 2. Nf3 Nc6 3. g3 g6 4. Bg2 Bg7 5. O-O d6 6. d3 Nf6 7. e4 O-O 8. Nc3 Rb8
9. a4 a6 10. h3 b5 11. axb5 axb5 12. g4 b4 13. Ne2 Qb6 14. Kh1 Ba6 15. Ng3 c4
16. f5 b3 17. dxc4 Bxc4 18. Re1 Qf2 19. Kh2 bxc2 20. Qd2 Qxd2 21. Nxd2 Bb5 22.
Ra3 Nd7 23. g5 Ra8 24. Rb3 Nd4 25. Rb4 Ra4 26. Rxa4 Bxa4 27. Nc4 Ne5 28. Bf1
Nef3+ 0-1

[Event "European Blitz 2015"]
[Site "Minsk BLR"]
[Date "2015.12.18"]
[Round "6.13"]
[White "Gorodetzky, David"]
[Black "Grachev, Boris"]
[Result "0-1"]
[WhiteTitle "FM"]
[BlackTitle "GM"]
[WhiteElo "2342"]
[BlackElo "2652"]
[WhiteFideId "2813416"]
[BlackFideId "4129199"]
[EventDate "2015.12.18"]
[EventType "swiss (blitz)"]

1. e4 c5 2. c3 e6 3. d4 d5 4. exd5 exd5 5. Nf3 a6 6. Bd3 c4 7. Bc2 Bd6 8. b3
cxb3 9. axb3 Ne7 10. h3 Nbc6 11. Bd3 O-O 12. O-O h6 13. Ba3 Bf5 14. Bxd6 Qxd6
15. Na3 Rac8 16. Nc2 Bxd3 17. Qxd3 Ng6 18. Ne3 Nf4 19. Qd2 g6 20. Ng4 g5 21.
Rfe1 Rfe8 22. Ne3 Qd7 23. Qc2 Re6 24. g3 Ng6 25. Ng4 Kg7 26. Rxe6 Qxe6 27. Qd3
Qe4 28. Qxe4 dxe4 29. Nd2 f5 30. Ne3 Nge7 31. f3 f4 32. gxf4 gxf4 33. Ng2 e3 34.
Ne4 Ng6 35. Rd1 Na5 36. d5 Nxb3 37. Rb1 Na5 38. Rb6 Nc4 39. Rxb7+ Kf8 40. d6 Rd8
41. Rh7 Nxd6 42. Nf6 Nf7 43. Kf1 Rd1+ 44. Ne1 Rd6 45. Nc2 Rxf6 0-1

[Event "European Blitz 2015"]
[Site "Minsk BLR"]
[Date "2015.12.18"]
[Round "6.15"]
[White "Rogule, Laura"]
[Black "Ragger, Markus"]
[Result "0-1"]
[WhiteTitle "WGM"]
[BlackTitle "GM"]
[WhiteElo "2289"]
[BlackElo "2687"]
[WhiteFideId "11601876"]
[BlackFideId "1610856"]
[EventDate "2015.12.18"]
[EventType "swiss (blitz)"]

1. c4 c6 2. Nf3 d5 3. d4 Nf6 4. Nc3 dxc4 5. e3 b5 6. a4 b4 7. Na2 e6 8. Bxc4 Bb7
9. O-O Nbd7 10. Bd2 a5 11. Rc1 Bd6 12. Qe2 c5 13. dxc5 Bxc5 14. Rfd1 O-O 15. Be1
Qe7 16. Nd4 Nb6 17. Bb3 Rfc8 18. Nb5 h6 19. f3 Bd5 20. Bxd5 Nfxd5 21. Bf2 Nxa4
22. e4 Nf4 23. Qd2 Qg5 24. Bxc5 Rxc5 25. Nd4 Rxc1 26. Nxc1 Rd8 27. g3 Nh3+ 28.
Kg2 e5 29. Kxh3 Rxd4 30. Qc2 Rxd1 31. Qxd1 Nxb2 32. Qc2 Na4 33. Qxa4 Qxc1 34.
Qe8+ Kh7 35. Qxf7 Qc8+ 36. g4 Qb8 37. Qf5+ Kh8 38. g5 hxg5 39. Qxg5 b3 40. Qc1 0-1

[Event "European Blitz 2015"]
[Site "Minsk BLR"]
[Date "2015.12.18"]
[Round "6.16"]
[White "Popov, Ivan RUS"]
[Black "Kazakovskiy, Valeriy"]
[Result "1-0"]
[WhiteTitle "GM"]
[BlackTitle "IM"]
[WhiteElo "2650"]
[BlackElo "2342"]
[WhiteFideId "4170350"]
[BlackFideId "13507443"]
[EventDate "2015.12.18"]
[EventType "swiss (blitz)"]

1. e4 e5 2. Nf3 Nc6 3. d4 exd4 4. Nxd4 Qf6 5. Nb3 Qg6 6. Qe2 Bb4+ 7. c3 Be7 8.
Bf4 d6 9. N1d2 Nf6 10. f3 Be6 11. Nd4 Bd7 12. O-O-O O-O-O 13. g4 Nxd4 14. cxd4
d5 15. e5 Ne8 16. Qe3 Ba4 17. Nb3 h5 18. Bd3 Qb6 19. g5 g6 20. e6 fxe6 21. Bxg6
Bd6 22. Bxd6 Nxd6 23. Qxe6+ Kb8 24. Qxd5 Bc6 25. Qc5 Bxf3 26. h4 Bxh1 27. Rxh1
Nb5 28. Qxb6 axb6 29. Rd1 Rdf8 30. Bd3 Nd6 31. Rh1 Rf4 32. Kd2 Rhf8 33. Be2 Ne4+
34. Ke3 Ng3 35. Rh2 Re4+ 36. Kd3 Rxe2 37. Rxe2 Nxe2 38. Kxe2 Rf4 39. Nd2 Rxh4
40. Kf3 Rg4 41. Ne4 Kc8 42. d5 Kd8 43. b4 Rg1 44. Kf4 Ke7 45. Ng3 Kf7 46. Nxh5
Kg6 47. Ng3 Rd1 48. Ke5 Kxg5 49. Ne4+ Kg6 50. d6 c6 51. a4 Rd5+ 52. Ke6 Rd4 53.
Nf6 Rxd6+ 54. Kxd6 Kxf6 55. a5 bxa5 56. bxa5 Kf7 57. Kc7 c5 58. Kxb7 c4 59. a6
c3 60. a7 1-0

[Event "European Blitz 2015"]
[Site "Minsk BLR"]
[Date "2015.12.18"]
[Round "6.17"]
[White "Minko, Vladimir"]
[Black "Demidov, Mikhail"]
[Result "0-1"]
[WhiteTitle "FM"]
[BlackTitle "IM"]
[WhiteElo "2361"]
[BlackElo "2485"]
[WhiteFideId "24146706"]
[BlackFideId "4197143"]
[EventDate "2015.12.18"]
[EventType "swiss (blitz)"]

1. d4 d5 2. c4 c6 3. Nf3 Nf6 4. Qb3 dxc4 5. Qxc4 Bf5 6. Nc3 e6 7. g3 h6 8. Bg2
Be7 9. O-O O-O 10. Re1 Bh7 11. e4 b5 12. Qb3 b4 13. e5 Nd5 14. Ne4 a5 15. Nfd2
Nc7 16. Nc4 Nb5 17. Qd1 Qxd4 18. Ned6 Qxd1 19. Rxd1 Nc7 20. Nb6 Ra6 21. Nbc8
Bxd6 22. Nxd6 Nd5 23. Bd2 Nd7 24. Rac1 Nxe5 25. Ne4 Nd3 26. Nc5 Nxc1 27. Nxa6
Nxa2 28. Ra1 b3 29. Bxa5 Ra8 0-1

[Event "European Blitz 2015"]
[Site "Minsk BLR"]
[Date "2015.12.18"]
[Round "6.18"]
[White "Belous, Vladimir"]
[Black "Djuric, Stefan"]
[Result "1-0"]
[WhiteTitle "GM"]
[BlackTitle "GM"]
[WhiteElo "2557"]
[BlackElo "2393"]
[WhiteFideId "4174003"]
[BlackFideId "900133"]
[EventDate "2015.12.18"]
[EventType "swiss (blitz)"]

1. Nf3 g6 2. g3 Bg7 3. Bg2 e5 4. O-O d5 5. c4 d4 6. e3 Ne7 7. exd4 exd4 8. d3
O-O 9. Re1 h6 10. b4 a5 11. bxa5 Rxa5 12. Nbd2 Nbc6 13. Nb3 Rh5 14. Bb2 Bg4 15.
Qd2 Qd7 16. Rab1 Nc8 17. Ba3 Rd8 18. Nc5 Qf5 19. Nh4 Rxh4 20. gxh4 Ne5 21. Rxe5
Bxe5 22. Ne4 Bf4 23. Qe1 b6 24. Rb5 c5 25. Bc1 Kg7 26. a4 g5 27. hxg5 hxg5 28.
a5 Rh8 29. Ng3 Qh7 30. Bxf4 Qxh2+ 31. Kf1 gxf4 32. Qe5+ f6 33. Qxf4 Bh3 34. Nh5+
Rxh5 35. Qxh2 1-0